| 000 | 00487 a2200205 4500 | ||
|---|---|---|---|
| 260 | _aLondon | ||
| 100 | _aASHURT, P.R. | ||
| 260 | _bBlackie Academic and Professional | ||
| 245 | _aProduction and packing of non carbonated fruit juices and beverages | ||
| 300 | _aXVI-429p. | ||
| 650 | _ajus de fruit | ||
| 650 | _aboisson | ||
| 650 | _aproduction | ||
| 650 | _aconservation | ||
| 260 | _c1995 | ||
| 130 | _lEn. | ||
| 020 | _a0-7514-0169-2 | ||
| 999 |
_c27762 _d27762 |
||